000
00317nam a2200121Ia 4500
008
220204s9999 xx 000 0 und d
082
_a
582.28:581.1
_b
ROB
100
_a
ROBINSON, Peter M
245
0
_a
Practical fungal physiology.
260
_a
New York
_b
John Wiley
_c
1978
650
_a
Fungal physiology
942
_c
BK
999
_c
31360
_d
31360